Загрузка...

Sociological theory

Библиографические подробности
Главный автор: Ritzer,George
Язык:English
Опубликовано: New York McGraw-Hill Companies 1996
LEADER 00368nam a22001457a 4500
008 200131b ||||| |||| 00| 0 eng d
999 |c 348210  |d 348210 
020 |a 0071146601 
082 |2 4  |a 301.01 
100 |a Ritzer,George 
245 |a Sociological theory  |c George Ritzer 
260 |a New York  |b McGraw-Hill Companies  |c  1996 
300 |b 757p. 
650 |2 Sociology 
942 |c BK